| 000 | 00513nam a22001817a 4500 | ||
|---|---|---|---|
| 005 | 20250225070158.0 | ||
| 008 | 250225b |||||||| |||| 00| 0 eng d | ||
| 020 | _a9781485152286 | ||
| 041 | _aEnglish | ||
| 082 | _a344.1 GRO | ||
| 100 | _lEnglish | ||
| 245 |
_aCollective Labour Law / _cJ Grogan |
||
| 250 | _aFourth Edition | ||
| 260 |
_aCape Town: _bJuta and Company Ltd, _c2024 |
||
| 300 |
_bxxi, 530 pages; _c25 cm. |
||
| 650 |
_aLegal practice _bLaw |
||
| 942 |
_cBK _6ALISON_BN_VRIES |
||
| 999 |
_c3289 _d3289 |
||